000 00412nam a2200169Ia 4500
008 151018s9999 xx 000 0 und d
082 _bRBASDV1984
_a823
100 _aparsons Anthony
245 _aLiving in fear
260 _bThe amalgated Press
300 _a64
600 _aparsons Anthony
630 _aLiving in fear
700 _aparsons Anthony
730 _aLiving in fear
942 _cBOOK
999 _c1004409
_d1004406